Лекції з історії світової культури (Запис № 308263)

МАРК-запис
000 -Лідер
fixed length control field 00812nam a22002657a 4500
003 - Ідентифікатор контрольного номера
control field UA-OsUOA
001 - Контрольний номер
control field 22050
007 - Фіксоване поле фізичного опису
fixed length control field ta
008 - Елементи даних фіксованої довжини – загальна інформація
fixed length control field 20031216b un ||||| |||| 00| 0 ukr d
090 ## - Локальний шифр розміщення
Класифікаційний індекс УДК 008(091)(075.8)
Авторський знак (НП) П50
040 ## - Джерело каталогізації
Агенція оригінальної каталогізації UA-OsUOA
Мова каталогізації ukr
Агенція, яка здійснювала перезапис UA-OsUOA
Агенція, яка здійснювала модифікацію UA-OsUOA
041 ## - Код мови
Код мови тексту/ звукової доріжки чи окремого заголовка (П) ukr
080 ## - Індекс Універсальної десяткової класифікації
Індекс Універсальної десяткової класифікації (УДК) (НП) 008(091)(075.8)
020 ## - Міжнародний стандартний книжковий номер (ISBN)
Міжнародний стандартний книжковий номер (ISBN) (НП) 5-7768-0455-8 (Основа)
044 ## - Код країни видавця/ виробника
Код країни видавця/ виробника (П) UA
100 ## - Основне введення – ім’я особи
Ім’я особи (НП) Полікарпов В. С.
245 ## - Відомості про назву
Назва (НП) Лекції з історії світової культури
Решта назви (НП) Навчальний посібник
260 ## - Публікація, розповсюдження і т.п. (Вихідні дані)
Місце публікації, розповсюдження і т.п. (П) Харків
Ім’я/ наймення видавництва, розповсюджувача і т.п. (П) Основа; Знання
Дата публікації, розповсюдження і т.п. (П) 1999
250 ## - Відомості про видання (редакцію)
-- 3-є вид., стереотип.
300 ## - Фізичний опис
Обсяг 336 с.
650 #7 - Додаткове предметне введення – тематичний термін
Тематичний термін чи географічна назва, як елемент введення (НП) 008 Цивілізація. Культура. Прогрес
Джерело заголовка чи терміна UDC
942 ## - Додаткові елементи входу (Коха)
Тип елемента Koha Книги
955 ## - Код типу видання за змістом
Код типу видання за змістом (НП) Навчальні видання
Фонди
Стан вилучень Стан втрат Джерело класифікації або схеми стелажів Стан уражень Не для кредиту Постійне місце розташування Поточне розміщення Дата придбання Інвентарний номер Усього замовленно Повний номер виклику Штрих-код Дата останнього перегляду Ціна ефективна від Тип елемента Koha Вартість, звичайна ціна покупки
    Universal Decimal Classification     АБ - Абонемент НБ АБ - Абонемент НБ 04/07/2006 18588   008(091)(075.8) П50 18588 21/10/2021 16/12/2003 Книги  
    Universal Decimal Classification     АБ - Абонемент НБ АБ - Абонемент НБ 04/07/2006 18592   008(091)(075.8) П50 18592 21/10/2021 16/12/2003 Книги  
    Universal Decimal Classification     АБ - Абонемент НБ АБ - Абонемент НБ 04/07/2006 18593   008(091)(075.8) П50 18593 21/10/2021 16/12/2003 Книги  
    Universal Decimal Classification     АБ - Абонемент НБ АБ - Абонемент НБ 05/07/2006 18596   008(091)(075.8) П50 18596 22/10/2021 16/12/2003 Книги  
    Universal Decimal Classification     АБ - Абонемент НБ АБ - Абонемент НБ 04/07/2006 18597   008(091)(075.8) П50 18597 21/10/2021 16/12/2003 Книги  
    Universal Decimal Classification     АБ - Абонемент НБ АБ - Абонемент НБ 04/07/2006 18598   008(091)(075.8) П50 18598 21/10/2021 16/12/2003 Книги  
    Universal Decimal Classification     АБ - Абонемент НБ АБ - Абонемент НБ 28/08/2012 46736   008(091)(075.8) П50 46736 21/10/2021 16/12/2003 Книги  
    Universal Decimal Classification     АБ - Абонемент НБ АБ - Абонемент НБ 04/07/2006 46737   008(091)(075.8) П50 46737 22/10/2021 16/12/2003 Книги  
    Universal Decimal Classification     АБ - Абонемент НБ АБ - Абонемент НБ 28/08/2012 46738   008(091)(075.8) П50 46738 21/10/2021 16/12/2003 Книги  
    Universal Decimal Classification     АБ - Абонемент НБ АБ - Абонемент НБ 28/08/2012 46739   008(091)(075.8) П50 46739 21/10/2021 16/12/2003 Книги  
Withdrawn   Universal Decimal Classification     ЧЗ - Читальна зала ЧЗ - Читальна зала 16/12/2003 62049   008(091)(075.8) П50 62049 13/07/2019 16/12/2003 Книги 8.40
    Universal Decimal Classification     ЧЗ - Читальна зала ЧЗ - Читальна зала 16/12/2003 62050   008(091)(075.8) П50 62050 09/02/2022 16/12/2003 Книги 3.00
    Universal Decimal Classification     ЧЗ - Читальна зала ЧЗ - Читальна зала 16/12/2003 62051   008(091)(075.8) П50 62051 09/02/2022 16/12/2003 Книги 17.95
    Universal Decimal Classification     ЧЗ - Читальна зала ЧЗ - Читальна зала 16/12/2003 62055   008(091)(075.8) П50 62055 09/02/2022 16/12/2003 Книги 8.05
    Universal Decimal Classification     ЧЗ - Читальна зала ЧЗ - Читальна зала 16/12/2003 62064   008(091)(075.8) П50 62064 09/02/2022 16/12/2003 Книги 8.05
Withdrawn   Universal Decimal Classification     ЧЗ - Читальна зала ЧЗ - Читальна зала 16/01/2006 62065   008(091)(075.8) П50 62065 13/07/2019 16/12/2003 Книги  
    Universal Decimal Classification     ЧЗ - Читальна зала ЧЗ - Читальна зала 31/10/2005 62066   008(091)(075.8) П50 62066 09/02/2022 16/12/2003 Книги